000 00765nam a22002534a 4500
001 PE-BaUNAB
005 20260316165451.0
006 a||||gr|||| 001 0
007 ta
008 t pe gr 00| 0 spa d
020 _a9789876291545
040 _aPE-BaUNAB
041 _aspa
043 _cper
100 _aHolmes, Stephen
_913349
245 _aEl costo de los derechos :
_bpor qué la libertad depende de los impuestos /
_cHolmes, Stephen y Sunstein, Cass R.
250 _b 1a. ed. 3a. reimp
260 _aArgentina :
_bSiglo veintiuno,
_c2022.
300 _a262 p.:
_c21 cm.
650 _aDERECHOS FUNDAMENTALES
_913350
650 _a- NORMAS - IMPUESTOS
_913351
650 _aIGUALDAD - JUSTICIA
_913352
942 _2ddc
_cLIB
_e2026-03-16
_zIRQ
999 _c5905
_d5905